Restauración del Pucará. /

Guardado en:
Autor Principal: Casanova, Eduardo.
Formato: Libro
Idioma:Spanish
Publicado: Buenos Aires : Universidad, 1950.
Etiquetas: Agregar Etiqueta
Sin Etiquetas, Sea el primero en etiquetar este registro!
LEADER 00424nam a22001455a 4500
001 EUN.um024992
003 AR-BaUNS
005 20050623122902.0
008 041125s1950####ag############000#0#spa#d
245 1 0 |a Restauración del Pucará. /  |c Eduardo Casanova. 
260 |a Buenos Aires :  |b Universidad,  |c 1950. 
300 |a 55 p. 
100 1 |a Casanova, Eduardo. 
082 0 4 |a 571.9 
859 |a Ar-BaUNS  |b BIB. CENTRAL - Sector C  |h 571.9  |i C263-1  |p 3682/959